Global shift : (Record no. 152)
[ view plain ]
| 000 -LEADER | |
|---|---|
| fixed length control field | 01339nam a22004097a 4500 |
| 001 - CONTROL NUMBER | |
| control field | 18094450 |
| 005 - DATE AND TIME OF LATEST TRANSACTION | |
| control field | 20230120092419.0 |
| 008 - FIXED-LENGTH DATA ELEMENTS--GENERAL INFORMATION | |
| fixed length control field | 230120b |||||||| |||| 00| 0 eng d |
| 010 ## - LIBRARY OF CONGRESS CONTROL NUMBER | |
| LC control number | 2014937039 |
| 020 ## - INTERNATIONAL STANDARD BOOK NUMBER | |
| International Standard Book Number | 9781446282090 (c) |
| 020 ## - INTERNATIONAL STANDARD BOOK NUMBER | |
| International Standard Book Number | 9781446282106 (pbk) |
| 020 ## - INTERNATIONAL STANDARD BOOK NUMBER | |
| International Standard Book Number | 9781473901933 (e) |
| 040 ## - CATALOGING SOURCE | |
| Original cataloging agency | DLC |
| Language of cataloging | eng |
| Description conventions | rda |
| Transcribing agency | KMU |
| 042 ## - AUTHENTICATION CODE | |
| Authentication code | pcc |
| 050 ## - LIBRARY OF CONGRESS CALL NUMBER | |
| Classification number | HD 2321 Dis 2015 |
| 100 1# - MAIN ENTRY--PERSONAL NAME | |
| Personal name | Dicken, Peter. |
| 245 10 - TITLE STATEMENT | |
| Title | Global shift : |
| Remainder of title | mapping the changing contours of the world economy / |
| Statement of responsibility, etc. | Peter Dicken. |
| 250 ## - EDITION STATEMENT | |
| Edition statement | 7th edition. |
| 263 ## - PROJECTED PUBLICATION DATE | |
| Projected publication date | 1412 |
| 264 #1 - PRODUCTION, PUBLICATION, DISTRIBUTION, MANUFACTURE, AND COPYRIGHT NOTICE | |
| Place of production, publication, distribution, manufacture | Thousand Oaks, CA : |
| Name of producer, publisher, distributor, manufacturer | SAGE Publications Ltd, |
| Date of production, publication, distribution, manufacture, or copyright notice | 2014. |
| 300 ## - PHYSICAL DESCRIPTION | |
| Extent | 618 pages,: |
| Other physical details | ill,; |
| Dimensions | 23cm. |
| 336 ## - CONTENT TYPE | |
| Content type term | text |
| Source | rdacontent |
| 337 ## - MEDIA TYPE | |
| Media type term | unmediated |
| Source | rdamedia |
| 338 ## - CARRIER TYPE | |
| Carrier type term | volume |
| Source | rdacarrier |
| 500 ## - GENERAL NOTE | |
| General note | Include bibliography references and index. |
| 650 ## - SUBJECT ADDED ENTRY--TOPICAL TERM | |
| Source of heading or term | OCLC |
| Topical term or geographic name entry element | Economic history. |
| 650 ## - SUBJECT ADDED ENTRY--TOPICAL TERM | |
| Source of heading or term | OCLC |
| Topical term or geographic name entry element | Industries. |
| 650 ## - SUBJECT ADDED ENTRY--TOPICAL TERM | |
| Source of heading or term | OCLC |
| Topical term or geographic name entry element | Economic geography. |
| 650 ## - SUBJECT ADDED ENTRY--TOPICAL TERM | |
| Source of heading or term | OCLC |
| Topical term or geographic name entry element | Technological innovations--Economic aspects. |
| 650 ## - SUBJECT ADDED ENTRY--TOPICAL TERM | |
| Source of heading or term | OCLC |
| Topical term or geographic name entry element | International business enterprises. |
| 650 ## - SUBJECT ADDED ENTRY--TOPICAL TERM | |
| Source of heading or term | OCLC |
| Topical term or geographic name entry element | Globalization--Economic aspects. |
| 650 ## - SUBJECT ADDED ENTRY--TOPICAL TERM | |
| Source of heading or term | OCLC |
| Topical term or geographic name entry element | International economic relations. |
| 650 ## - SUBJECT ADDED ENTRY--TOPICAL TERM | |
| Source of heading or term | OCLC |
| Topical term or geographic name entry element | Economic geography. |
| 906 ## - LOCAL DATA ELEMENT F, LDF (RLIN) | |
| a | 0 |
| b | ibc |
| c | orignew |
| d | 2 |
| e | epcn |
| f | 20 |
| g | y-gencatlg |
| 942 ## - ADDED ENTRY ELEMENTS (KOHA) | |
| Source of classification or shelving scheme | Library of Congress Classification |
| Koha item type | Non-Fiction |
| Suppress in OPAC | No |
| Withdrawn status | Lost status | Source of classification or shelving scheme | Damaged status | Not for loan | Collection | Home library | Current library | Shelving location | Date acquired | Source of acquisition | Total Checkouts | Full call number | Barcode | Date last seen | Price effective from | Koha item type |
|---|---|---|---|---|---|---|---|---|---|---|---|---|---|---|---|---|
| Library of Congress Classification | Non-fiction | Kapasa Makasa University | Kapasa Makasa University | Open Access | 19.01.2023 | Book Aid International | HD 2321 Dis 2015 | 748920 | 20.01.2023 | 20.01.2023 | Non-Fiction | |||||
| Library of Congress Classification | Non-fiction | Kapasa Makasa University | Kapasa Makasa University | Open Access | 19.01.2023 | Book Aid International | HD 2321 Dis 2015 | 748361 | 20.01.2023 | 20.01.2023 | Non-Fiction | |||||
| Library of Congress Classification | Non-fiction | Kapasa Makasa University | Kapasa Makasa University | Open Access | 19.01.2023 | Book Aid International | HD 2321 Dis 2015 | 748360 | 20.01.2023 | 20.01.2023 | Non-Fiction | |||||
| Library of Congress Classification | Non-fiction | Kapasa Makasa University | Kapasa Makasa University | Open Access | 19.01.2023 | Book Aid International | HD 2321 Dis 2015 | 748359 | 20.01.2023 | 20.01.2023 | Non-Fiction |